| 000 | 00610nam a2200217 a 4500 | ||
|---|---|---|---|
| 001 | BRL_1156 | ||
| 005 | 20190320211048.0 | ||
| 008 | 201113s1947----sw-a######---#000-0#ger-# | ||
| 041 | _ager | ||
| 044 | _asw | ||
| 050 | 4 |
_aML422 _b.W35 1947 |
|
| 100 | 1 |
_aWalter, Bruno _d1876-1962 _925961 |
|
| 245 | 1 | 0 |
_aThema und Variationen _bErinnerungen und gedanken _cvon Bruno Walter. |
| 260 |
_aStockholm _bBermann-Fischer _c1947 |
||
| 300 |
_a527 p. _bil. _c23 cm. |
||
| 500 | _aAu1376 | ||
| 500 | _aEstado fisico: camisa desgarrada. | ||
| 650 | 1 | 4 |
_aMúsicos _vCorrespondencia _925962 |
| 902 | _aGRL | ||
| 942 |
_2lcc _cB |
||
| 999 |
_c9968 _d9968 |
||